Avatar: The Legend of Korra - Statistics

General Stats
  • This quiz has been taken 534 times
  • The average score is 9 of 15
Answer Stats
Hint Answer % Correct
The Avatar Korra
100%
The Avatar's girlfriend Asami
95%
Number of children Suyin has 5
86%
How Amon removed people's bending Bloodbending
84%
The Avatar's pro bending team The Fire Ferrets
76%
Leader of the Red Lotus Zaheer
69%
The Great Uniter Kuvira
67%
Name given to an event that occurs every 10,000 years Harmonic Convergence
64%
Tenzin and Pema's youngest child Rohan
59%
Home of the Metal Clan Zaofu
51%
President of The United Republic Raiko
49%
Amon's birth name Noatak
40%
The voice of Korra Janet Varney
17%
The voice of The Great Uniter Zelda Williams
17%
The bay in which Republic City is situated Yue Bay
11%
No matching quizzes found
Score Distribution
Percent of People with Each Score
Percentile by Number Answered
Your Score History
You have not taken this quiz